Public housing blocks in Hong Kong: the identification, investigation and rectification of structural defects (Record no. 26022)

MARC details
000 -LEADER
fixed length control field 00998cab a2200229 4500
001 - CONTROL NUMBER
control field ABS43161
008 - FIXED-LENGTH DATA ELEMENTS--GENERAL INFORMATION
fixed length control field 090401t1990 xxu||||| |||| 00| 0 eng d
035 ## - SYSTEM CONTROL NUMBER
System control number (Sirsi) u40611
041 ## - LANGUAGE CODE
Language code of text/sound track or separate title eng
100 ## - MAIN ENTRY--PERSONAL NAME
Personal name McNicholl, D.P. et al
245 ## - TITLE STATEMENT
Title Public housing blocks in Hong Kong: the identification, investigation and rectification of structural defects
260 ## - PUBLICATION, DISTRIBUTION, ETC.
Date of publication, distribution, etc. 1990
350 ## - PRICE (NR) (BK AM CF MU VM SE) [OBSOLETE]
Price 0
490 ## - SERIES STATEMENT
Series statement Structural Engineer
Volume/sequential designation 68(16) 21 August 1990, 307-326(11)
520 ## - SUMMARY, ETC.
Summary, etc. Describes how the Hong Kong Housing Department tackled defective high rise reinforced concrete buildings, swiftly erected in response to the housing crisis in the 1950s. Maintenance problems were due to reinforcement corrosion , spalling and variable concrete strengths; tests and remedial action illustrated here with charts and tables.
650 ## - SUBJECT ADDED ENTRY--TOPICAL TERM
Topical term or geographic name entry element BUILDING DEFECTS
650 ## - SUBJECT ADDED ENTRY--TOPICAL TERM
Topical term or geographic name entry element REPAIRS
650 ## - SUBJECT ADDED ENTRY--TOPICAL TERM
Topical term or geographic name entry element STRUCTURAL SURVEY
690 ## - LOCAL SUBJECT ADDED ENTRY--TOPICAL TERM (OCLC, RLIN)
Topical term or geographic name as entry element BUILT ENVIRONMENT-BUILDING PATHOLOGY
942 ## - ADDED ENTRY ELEMENTS (KOHA)
Suppress in OPAC 0
948 ## - LOCAL PROCESSING INFORMATION (OCLC); SERIES PART DESIGNATOR (RLIN)
c (OCLC) 04/03/1997
Holdings
Withdrawn status Lost status Source of classification or shelving scheme Damaged status Not for loan Home library Current library Shelving location Date acquired Total Checkouts Full call number Barcode Date last seen Copy number Price effective from Koha item type
    Dewey Decimal Classification     London London Journal article 14/09/1999   ABS43161 40611-1001 06/08/2019 1 06/08/2019 Journal article